00502aam a2200181 450000500170000000800410001704100140005808200160007210000300008824500520011826000400017030000190021065000270022965000130025665000150026965000150028465000210029920170228132837.0150611b xxu||||| |||| 00| 0 spa d aEspañol a398.2 R173b aRamírez Huertas, Marino aBombas, cuartetas, refranes y frases célebres aCosta Ricac2012bIndustrias Marino a156 páginas  a FOLCLOR COSTARRICENSE aBOMBAS | a CUARTETAS a REFRANES  a FRASES CELEBRES